Atom- photon interactions (Record no. 14951)
[ view plain ]
| 000 -LEADER | |
|---|---|
| fixed length control field | 00729nam a2200229Ia 4500 |
| 003 - CONTROL NUMBER IDENTIFIER | |
| control field | IN-BaIIA |
| 008 - FIXED-LENGTH DATA ELEMENTS--GENERAL INFORMATION | |
| fixed length control field | 211028s9999 xx 000 0 eng d |
| 020 ## - INTERNATIONAL STANDARD BOOK NUMBER | |
| International Standard Book Number | 978-0-471-29336-1 |
| 040 ## - CATALOGING SOURCE | |
| Transcribing agency | IIA Library |
| 080 ## - UNIVERSAL DECIMAL CLASSIFICATION NUMBER | |
| Universal Decimal Classification number | 538.3 |
| Item number | COH |
| 100 ## - MAIN ENTRY--PERSONAL NAME | |
| Personal name | Cohen-Tannoudji, Claude |
| 9 (RLIN) | 20293 |
| 245 #0 - TITLE STATEMENT | |
| Title | Atom- photon interactions |
| Remainder of title | basic processes and applications |
| Statement of responsibility, etc. | Claude Cohen-Tannoudji, Jacques Dupont-Roc and Gilbert Grynberg |
| 260 ## - PUBLICATION, DISTRIBUTION, ETC. | |
| Place of publication, distribution, etc. | New York |
| Name of publisher, distributor, etc. | John Wiley & Sons |
| Date of publication, distribution, etc. | 1992 |
| 300 ## - PHYSICAL DESCRIPTION | |
| Extent | xxii, 656p. |
| 650 ## - SUBJECT ADDED ENTRY--TOPICAL TERM | |
| Topical term or geographic name entry element | Atoms |
| 9 (RLIN) | 1137 |
| 650 ## - SUBJECT ADDED ENTRY--TOPICAL TERM | |
| Topical term or geographic name entry element | Electrodynamics |
| 9 (RLIN) | 2319 |
| 650 ## - SUBJECT ADDED ENTRY--TOPICAL TERM | |
| Topical term or geographic name entry element | Photons |
| 9 (RLIN) | 3335 |
| 650 ## - SUBJECT ADDED ENTRY--TOPICAL TERM | |
| Topical term or geographic name entry element | Quantum electrodynamics |
| 9 (RLIN) | 2630 |
| 700 ## - ADDED ENTRY--PERSONAL NAME | |
| Personal name | Dupont-Roc, Jacques |
| 9 (RLIN) | 27035 |
| 700 ## - ADDED ENTRY--PERSONAL NAME | |
| Personal name | Grynberg, Gilbert |
| 9 (RLIN) | 27036 |
| 942 ## - ADDED ENTRY ELEMENTS (KOHA) | |
| Koha item type | Books |
| Withdrawn status | Lost status | Damaged status | Not for loan | Home library | Current library | Shelving location | Date acquired | Cost, normal purchase price | Total Checkouts | Full call number | Barcode | Date last seen | Cost, replacement price | Price effective from | Koha item type | Purchase Price |
|---|---|---|---|---|---|---|---|---|---|---|---|---|---|---|---|---|
| IIA Library-Bangalore | IIA Library-Bangalore | General Stacks | 26/02/2003 | 3546.45 | 538.3/ COH | 15873 | 05/11/2021 | 3546.45 | 26/02/2003 | Books | Rs. 3546.45 |